Responses for Show #1782 - Tuesday, May 5, 1992

1992 College Championship quarterfinal game 2.

Contestants

[<< previous game]

Tricia Johnson, a junior from Southern Methodist University

Glen Cotton, a senior from Louisiana State University

Ernst Bell, a senior from the University of Florida

[next game >>]

Jeopardy! Round responses

INVENTORS
ROCK & RAP LETTERS
HISTORIC NICKNAMES
GUINNESS RECORDS
QUOTES
"SAINT"LY CITIES
    $100 27
(Ernst: What is a camera?)

a photograph

ErnstTricia
    $100 1
AC/DC

Ernst
    $100 6
Louis XIV

Ernst
    $100 11
(postage) stamps

Tricia
    $100 12
the eye of a needle

Tricia
    $100 18
(Glen: What is Saint Louis?)

Saint Paul

ErnstGlen
    $200 28
speak

Ernst
    $200 2
(Glen: What is Jazz? Who is Jazz?)
(Ernst: Who is Jazzy Jeff?)

DJ Jazzy Jeff

ErnstGlen
Triple Stumper
    $200 7
Howard Hughes

Tricia
    $200 17
sheep (lambs)

Glen
    $200 13
a candle

Tricia
    $200 20
Saint Augustine

Ernst
    $300 29
Yale

Triple Stumper
    $300 3
EMF

Ernst
    $300 8
Guy Fawkes

Tricia
    $300 19
mushrooms

Glen
    $300 14
(J. Edgar) Hoover

Tricia
    $300 23
Saint Petersburg

Glen
    $400 30
(Alex [Reacting to Glen breaking up his response into two words and repeating it the same way] [*] is correct; you picked the right one.)
[Laughter]

Goodyear

Glen
    $400 4
C+C Music Factory

Ernst
    $400 9
(Glen: Who is Oliver Hazard?)

Oliver Hazard Perry

ErnstGlen
    $400 21
(Glen: What is Jerusalem?)

New York City

GlenTricia
    $400 15
Gustave Flaubert

Glen
    $400 24
Saint Andrew

Tricia
    $500 26
(Elisha) Otis

Ernst
    $500 5
Heavy D

Ernst
    $1,000 10
(Ernst: Who is Theodore Roosevelt?)

Zachary Taylor

Ernst
    $500 22
Kipling

Glen
    $500 16
Boswell

Tricia
    $500 25
Saint Joseph

Glen

Scores at the first commercial break (after clue 15):

Ernst Glen Tricia
$600 -$200 $1,200

Scores at the end of the Jeopardy! Round:

Ernst Glen Tricia
$1,500 $1,500 $2,600

Double Jeopardy! Round responses

BRITISH AUTHORS
GOVERNMENT & POLITICS
LANGUAGES
WEIGHTS & MEASURES
THE MIDDLE AGES
THE PLANETS
    $200 13
Charles Dickens

Tricia
    $200 1
Watergate

Glen
    $200 6
(Tricia: What is Greece?)

Greek

GlenTricia
    $200 26
acre

Glen
    $200 21
paper

Tricia
    $200 11
Mercury

Ernst
    $400 14
Salman Rushdie

Glen
    $400 2
a dark horse

Ernst
    $400 7
German

Ernst
    $400 27
four

Triple Stumper
    $400 22
Chaucer

Ernst
    $400 12
Venus

Tricia
    $600 17
A.A. Milne

Tricia
    $600 3
franking

Ernst
    $600 8
the Yucatan Peninsula

Ernst
    $600 28
a cubit

Triple Stumper
    $600 23
Constantinople

Ernst
    $600 15
the Great Red Spot

Glen
    $800 18
John le Carré

Triple Stumper
    $2,500 4
the Freedom of Information Act

Ernst
    $800 9
(Tricia: What is Guatemala?)

Peru

ErnstTricia
    $800 29
Newton

Tricia
    $800 24
(Tricia: What is China?)

Switzerland

ErnstTricia
    $800 16
Pluto

Tricia
    $1000 19
Thomas Hardy

Glen
    $1000 5
the spoils system

Glen
    $1,000 10
(Ernst: What is English?)

Portuguese

Ernst
    $1000 30
a BTU (British thermal unit)

Glen
    $1000 25
(Tricia: Who is Saracen?)

Saladin

ErnstTricia
    $1000 20
Phobos

Glen

Scores at the end of the Double Jeopardy! Round:

Ernst Glen Tricia
$8,800 $7,100 $2,800

Final Jeopardy! Round responses

FICTIONAL CHARACTERS
TriciaWho is Beatrice
$2,800
GlenWho is Juliet?
$2,100
ErnstWho was Juliet?
$5,401
Juliet

Final scores:

Ernst Glen Tricia
$14,201 $9,200 $0
Automatic semifinalist 2nd place: $1,000 if eliminated 3rd place: $1,000 if eliminated

Game dynamics:

Coryat scores:

Ernst Glen Tricia
$9,100 $7,100 $2,800
21 R
(including 1 DD),
4 W
(including 2 DDs)
16 R,
4 W
16 R,
4 W

Combined Coryat: $19,000

[game clues] [game scores] [suggest correction]

Game tape date: 1992-03-08
The J! Archive is created by fans, for fans. Scraping, republication, monetization, and malicious use prohibited; this site may use cookies and collect identifying information. See terms. The Jeopardy! game show and all elements thereof, including but not limited to copyright and trademark thereto, are the property of Jeopardy Productions, Inc. and are protected under law. This website is not affiliated with, sponsored by, or operated by Jeopardy Productions, Inc. Join the discussion at JBoard.tv.